000 00691nam a2200253Ia 4500
003 OSt
005 20220918165839.0
006 a|||||r|||| 00| 0
007 ta
008 220917b |||||||| |||| 00| 0 eng d
020 _a817574166X (hbk)
024 _a232,251
037 _cTextual
040 _aARTS
_cARTS
_beng
041 _2eng
_aeng
082 _aR631, P6
100 _aRoy Sudipta Dutta
_925793
245 0 _aPhilosophies of samkhya and locke
_b viewson matter and self
260 _aDelhi
_bSundeep Prakashan
_c2006
300 _axiv, 128p.
_ccm.
650 _aPHILOSOPHY
942 _hR631, P6
_cTEXL
_2CC
999 _c131389
_d131389